000 01311nam a2200337 c 4500
003 BLK
005 20250729093929.0
008 180409b bul|||||r ||||||| ||bul||
010 _aKNG00109423000
020 _a954-769-058-2
_bиздат.: Обсидиан
040 _aBLK
041 _aBUL
_cBUL
080 _aАмериканска литература (на САЩ)
_b821.111(73)
_x-312.4
_z821.111(73)-312.4
100 1 _aБалдачи, Дейвид
_eпърви автор
_935928
139 _aБалдачи, Дейвид
_bБ 21
245 1 0 _aЧаст от секундата
_bРоман
_cДейвид Балдачи; прев. от англ. Любомир Николов.
257 _aUSA
260 София
_bОбсидиан
_c2003
_fСофия : Балканпрес АД
300 _a400 с.
_c20 см
380 _aX
500 _aОриг. загл. Split Second / David Baldacci. - Офс. изд.
653 _aромани
653 _aтрилъри
700 _aНиколов, Любомир Славов, 1950 -
_9242031
852 _aЦб 216983
856 4 _qpdf
_u
856 4 _qpdf
_u
942 _cKNG
_n0
_0105
944 _aCR
_c05.12.2003
_lМартин Енчев
_k30575
944 _aED
_c22.12.2017
_lф /
_kПенка_Димитрова
999 _c104319
_d104319